000 00763cam a22002411a 4500
001 agr62000361
003 DLC
005 20260227111021.0
008 940209s1962 dcua 000 0 eng
010 _aagr62000361
035 _a(OCoLC)29770723
040 _aDLC
_cNbU
_dDLC
042 _apremarc
043 _an-us---
050 0 0 _aHD9004
_b.A5345
110 1 _aUnited States.
_bForeign Agricultural Service.
245 1 0 _aMoving agricultural abundance into consumption /
_cOffice of the General Sales Manager.
260 _aWashington :
_bU.S. Govt. Print. Off.,
_c1962.
300 _a38 p. :
_bill. ;
_c28 cm.
500 _aCover title.
650 0 _aAgriculture
_xEconomic aspects
_zUnited States.
650 0 _aProduce trade
_zUnited States
_vStatistics.
999 _c11835
_d11835